Sello o lwala (Record no. 119243)
[ view plain ]
| 000 -LEADER | |
|---|---|
| fixed length control field | 00433nam a2200169Ia 4500 |
| 003 - CONTROL NUMBER IDENTIFIER | |
| control field | 3228 |
| 005 - DATE AND TIME OF LATEST TRANSACTION | |
| control field | 20231211154348.0 |
| 008 - FIXED-LENGTH DATA ELEMENTS--GENERAL INFORMATION | |
| fixed length control field | 210816s9999 xx 000 0 und d |
| 020 ## - INTERNATIONAL STANDARD BOOK NUMBER | |
| International Standard Book Number | 9781920277406 |
| 040 ## - CATALOGING SOURCE | |
| Transcribing agency | 3228 |
| 082 ## - DEWEY DECIMAL CLASSIFICATION NUMBER | |
| Classification number | TSW KF MORE |
| 100 ## - MAIN ENTRY--PERSONAL NAME | |
| Personal name | More, P.G |
| 9 (RLIN) | 32399 |
| 245 #0 - TITLE STATEMENT | |
| Title | Sello o lwala |
| 260 ## - PUBLICATION, DISTRIBUTION, ETC. | |
| Place of publication, distribution, etc. | Centurion: |
| Name of publisher, distributor, etc. | Qualibooks Publishing, |
| Date of publication, distribution, etc. | 2010 |
| 300 ## - PHYSICAL DESCRIPTION | |
| Extent | 24 Pages |
| Other physical details | Colour illustrations |
| Dimensions | 21 cm |
| 942 ## - ADDED ENTRY ELEMENTS | |
| item type | Books |
| Source of classification or shelving scheme | Dewey Decimal Classification |
| -- | 162 |
| -- | Elsie Maluleke |
| Withdrawn status | Lost status | Damaged status | Not for loan | Home library | Current library | Date acquired | Cost, normal purchase price | Total Checkouts | Barcode | Date last seen | Price effective from | item type | Source of classification or shelving scheme | Collection code | Full call number |
|---|---|---|---|---|---|---|---|---|---|---|---|---|---|---|---|
| ERMELO REGIONAL LIBRARY | Driefontein Public Library | 02.10.2024 | 80.00 | 33228031047178 | 02.10.2024 | 02.10.2024 | Books | Dewey Decimal Classification | Fiction | TSW KF MORE | |||||
| Masoyi | Masoyi | 17.08.2021 | 80.00 | 33228024666941 | 17.08.2021 | 17.08.2021 | Books |